Normal view
MARC view
- Basta, Alfred
Entry Corporate Name
001 - CONTROL NUMBER
- control field: 100811
003 - CONTROL NUMBER IDENTIFIER
- control field: NUST
005 - DATE AND TIME OF LATEST TRANSACTION
- control field: 20221019133944.0
008 - FIXED-LENGTH DATA ELEMENTS
- fixed length control field: 221019|| aca||aabn | a|a d
040 ## - CATALOGING SOURCE
- Original cataloging agency: NUST
- Transcribing agency: NUST
110 ## - HEADING--CORPORATE NAME
- Corporate name or jurisdiction name as entry element: Basta, Alfred
670 ## - SOURCE DATA FOUND
- Source citation: Work cat.: (NUST)208647: Basta, Alfred, Computer security and penetration testing / , 2008.
